Statistics for 250 Biggest US Cities

Click here to take the quiz!

General Stats

  • This quiz has been taken 361 times
  • The average score is 112 of 250

Answer Stats

# Population City State % Correct
120,153,634New York CityNY
98%
213,310,447Los AngelesCA
97%
39,512,999ChicagoIL
96%
47,233,323DallasTX
96%
56,772,470HoustonTX
95%
76,070,500PhiladelphiaPA
94%
114,679,166San FranciscoCA
94%
153,798,902SeattleWA
93%
66,131,977Washington, D.C.~
93%
104,794,447BostonMA
93%
95,789,700AtlantaGA
92%
292,155,664Las VegasNV
92%
144,297,617DetroitMI
92%
173,317,749San DiegoCA
91%
94579,229JacksonMS
91%
86,066,387MiamiFL
91%
124,661,537PhoenixAZ
91%
163,551,036MinneapolisMN
90%
252,424,955PortlandOR
90%
192,853,077DenverCO
89%
232,441,257OrlandoFL
89%
262,342,299PittsburghPA
89%
401,478,212JacksonvilleFL
89%
302,104,509Kansas CityMO
88%
222,474,314CharlotteNC
88%
242,429,609San AntonioTX
88%
312,056,405AustinTX
87%
212,798,886BaltimoreMD
87%
342,004,230IndianapolisIN
86%
272,296,418SacramentoCA
86%
202,807,002St. LouisMO
86%
183,032,171TampaFL
86%
461,268,883New OrleansLA
86%
322,055,612ClevelandOH
85%
351,978,816San JoseCA
85%
481,186,187Salt Lake CityUT
85%
54992,605HonoluluHI
84%
421,342,842MemphisTN
84%
361,865,298NashvilleTN
84%
332,041,520ColumbusOH
83%
411,373,211Oklahoma CityOK
83%
282,165,139CincinnatiOH
82%
391,572,482MilwaukeeWI
82%
501,132,804BuffaloNY
80%
68841,971El PasoTX
78%
451,281,708RichmondVA
77%
90630,283SpringfieldMA
77%
371,726,907Virginia BeachVA
76%
114457,667RenoNV
76%
491,147,417BirminghamAL
76%
70835,175Baton RougeLA
75%
441,283,430LouisvilleKY
75%
431,302,946RaleighNC
75%
63881,839AlbanyNY
74%
140379,627TallahasseeFL
73%
60909,906AlbuquerqueNM
73%
531,016,206TucsonAZ
72%
381,614,750ProvidenceRI
72%
59924,129OmahaNE
72%
83662,079Winston-SalemNC
72%
81691,423BoiseID
72%
55987,201TulsaOK
71%
133402,557AnchorageAK
70%
471,206,836HartfordCT
69%
76734,622Little RockAR
69%
127418,139SalemOR
69%
89634,725Des MoinesIA
68%
74761,155CharlestonSC
68%
79712,327Colorado SpringsCO
68%
511,078,879RochesterNY
68%
56979,915FresnoCA
68%
86648,929MadisonWI
67%
134,527,837RiversideCA
66%
142373,922MontgomeryAL
66%
84656,510SyracuseNY
65%
71817,488ColumbiaSC
64%
72800,683DaytonOH
62%
521,047,099Grand RapidsMI
61%
87644,672WichitaKS
61%
64868,546KnoxvilleTN
60%
91605,221ToledoOH
59%
154326,921LincolnNE
59%
128414,836MobileAL
59%
75756,139GreensboroNC
58%
62884,788BakersfieldCA
58%
137384,024SavannahGA
57%
110475,099LansingMI
57%
93594,919AugustaGA
56%
80702,221AkronOH
56%
115454,726Corpus ChristiTX
55%
98556,634SpokaneWA
55%
106506,751LexingtonKY
52%
157318,236Green BayWI
52%
194233,068TopekaKS
51%
97559,535DurhamNC
50%
125431,802Fort WayneIN
50%
186255,729Sioux FallsSD
49%
159314,840LubbockTX
49%
65856,875New HavenCT
49%
132407,761ManchesterNH
49%
192238,124FargoND
48%
144369,519EugeneOR
48%
143371,023TrentonNJ
48%
96568,033HarrisburgPA
47%
92603,309ProvoUT
47%
57944,177BridgeportCT
46%
121441,767ShreveportLA
45%
58935,781WorcesterMA
45%
100551,632ChattanoogaTN
45%
184263,342AmarilloTX
45%
181265,207WacoTX
42%
216205,290AthensGA
42%
105525,032FayettevilleAR
42%
179267,799Cedar RapidsIA
42%
171279,227DuluthMN
41%
99555,225ScrantonPA
41%
78722,336Cape CoralFL
41%
175271,193LaredoTX
41%
172276,207EriePA
40%
117449,720HuntsvilleAL
40%
69835,652AllentownPA
39%
246169,728BillingsMT
39%
167282,573WilmingtonNC
39%
108491,528LafayetteLA
38%
77733,709StocktonCA
38%
146364,709Ann ArborMI
38%
196229,182MaconGA
38%
61884,975GreenvilleSC
38%
119446,170Santa MariaCA
38%
131408,615FlintMI
38%
126422,135BrownsvilleTX
38%
155322,226BoulderCO
36%
238174,827DoverDE
36%
247169,140Sioux CityIA
35%
116452,319AshevilleNC
34%
66849,843McAllenTX
34%
158315,948EvansvilleIN
33%
138382,268DavenportIA
32%
173275,222OlympiaWA
31%
202217,273BurlingtonVT
31%
141376,246PeoriaIL
31%
176270,991Atlantic CityNJ
30%
102541,560ModestoCA
30%
249168,288MidlandTX
30%
85654,417OgdenUT
30%
103538,500LancasterPA
29%
88637,674Daytona BeachFL
29%
156320,740South BendIN
29%
170280,708GainesvilleFL
28%
151339,376RockfordIL
28%
150339,993Fort CollinsCO
28%
148359,588HuntingtonWV
27%
130409,968BeaumontTX
26%
229181,307BendOR
26%
101544,746YoungstownOH
26%
190241,378TuscaloosaAL
26%
109485,684PensacolaFL
26%
208214,207Las CrucesNM
25%
95579,130MelbourneFL
24%
160313,698RoanokeVA
24%
129414,812ReadingPA
24%
73788,457SarasotaFL
23%
248168,828Iowa CityIA
23%
107503,070Santa RosaCA
22%
243170,364AbileneTX
22%
169281,227Fort SmithAR
22%
111465,208Port St. LucieFL
21%
168282,349ClarksvilleTN
20%
136391,266GulfportMS
20%
215205,631YumaAZ
20%
67849,738OxnardCA
20%
231179,631ReddingCA
20%
82666,149LakelandFL
20%
124435,232SalinasCA
18%
199225,290TylerTX
18%
220199,964Panama CityFL
17%
226188,644BloomingtonIL
17%
164293,803UticaNY
17%
195231,349CharlottesvilleVA
17%
152336,877KalamazooMI
16%
187254,928College StationTX
15%
123435,857KilleenTX
15%
118449,295Myrtle BeachSC
15%
120443,744YorkPA
15%
232179,470MonroeLA
14%
213207,483Lake CharlesLA
14%
193234,079AppletonWI
14%
250166,614Eau ClaireWI
14%
188249,636YakimaWA
14%
223195,140RacineWI
13%
205216,527MedfordOR
13%
149349,020OcalaFL
13%
224192,326SaginawMI
13%
112460,437VisaliaCA
12%
191238,554ChampaignIL
12%
153329,136SpartanburgSC
11%
245169,886OshkoshWI
11%
197226,864ChicoCA
11%
241171,122Bowling GreenKY
11%
189244,094BinghamtonNY
10%
134401,281CantonOH
10%
174274,673Santa CruzCA
9%
219201,661Johnson CityTN
9%
203216,800BellinghamWA
8%
244170,015WaterlooIA
8%
235177,805JoplinMO
8%
122440,207FairfieldCA
7%
214205,976FlorenceSC
7%
178268,672MercedCA
7%
145365,136NaplesFL
7%
185260,232LynchburgVA
7%
135400,200SalisburyMD
6%
222195,644St. CloudMN
6%
228182,876BlacksburgVA
5%
163294,932GreeleyCO
5%
201217,446LongviewTX
5%
165283,846KennewickWA
5%
217205,249Lake Havasu CityAZ
5%
198225,562PrescottAZ
5%
183263,817HagerstownMD
5%
166282,887San Luis ObispoCA
5%
242170,687Terre HauteIN
4%
209211,614Hilton Head IslandSC
3%
239173,408MuskegonMI
3%
182264,811BremertonWA
3%
218203,781ElkhartIN
3%
233179,225KingstonNY
3%
230180,883El CentroCA
3%
225190,028Warner RobinsGA
2%
177269,801NorwichCT
2%
162306,334KingsportTN
2%
240171,926Yuba CityCA
2%
147364,187HickoryNC
1%
210211,525HoumaLA
1%
234178,465Punta GordaFL
0%
212208,563DaphneAL
0%
180267,059CrestviewFL
0%
207214,276Barnstable TownMA
0%

Score Distribution

Percentile by Number Answered

Percent of People with Each Score

Your Score History

You have not taken this quiz